<?xml version="1.0" encoding="UTF-8"?>
<record
    xmlns:xsi="http://www.w3.org/2001/XMLSchema-instance"
    xsi:schemaLocation="http://www.loc.gov/MARC21/slim http://www.loc.gov/standards/marcxml/schema/MARC21slim.xsd"
    xmlns="http://www.loc.gov/MARC21/slim">

  <leader>01535nam a2200433 a 4500</leader>
  <controlfield tag="005">20240702092736.0</controlfield>
  <controlfield tag="008">100510t1973||||sp a . f |||| 001 0 spa d</controlfield>
  <datafield tag="041" ind1=" " ind2=" ">
    <subfield code="a">spa</subfield>
  </datafield>
  <datafield tag="092" ind1=" " ind2=" ">
    <subfield code="c">611</subfield>
    <subfield code="l">82</subfield>
    <subfield code="s">TES</subfield>
  </datafield>
  <datafield tag="100" ind1="1" ind2=" ">
    <subfield code="a">Testut, L.</subfield>
    <subfield code="9">145</subfield>
  </datafield>
  <datafield tag="245" ind1=" " ind2=" ">
    <subfield code="a">Tratado de Anatom&#xED;a Humana.</subfield>
    <subfield code="b">T.1 Osteologia. Artrolog&#xED;a. Miolog&#xED;a /</subfield>
    <subfield code="c">L. Testut</subfield>
  </datafield>
  <datafield tag="250" ind1=" " ind2=" ">
    <subfield code="a">9a ed. revisada, corregida y aumentada</subfield>
    <subfield code="b">Dibujos de G. Devy y S. Dupret</subfield>
  </datafield>
  <datafield tag="260" ind1=" " ind2=" ">
    <subfield code="a">Barcelona: </subfield>
    <subfield code="b">Salvat;</subfield>
    <subfield code="c">1973.</subfield>
  </datafield>
  <datafield tag="300" ind1=" " ind2=" ">
    <subfield code="a">1198 p.</subfield>
    <subfield code="b">1074 grabados, varios en color.</subfield>
  </datafield>
  <datafield tag="500" ind1=" " ind2=" ">
    <subfield code="a">Testut, L. y Latarjet, A. (1973). Tratado de anatom&#xED;a humana. T.1 Osteolog&#xED;a. Artrolog&#xED;a. Miolog&#xED;a. (9a ed.). Barcelona : Salvat.</subfield>
  </datafield>
  <datafield tag="653" ind1=" " ind2=" ">
    <subfield code="a">Osteolog&#xED;a</subfield>
  </datafield>
  <datafield tag="653" ind1=" " ind2=" ">
    <subfield code="a">Anatom&#xED;a general</subfield>
  </datafield>
  <datafield tag="653" ind1=" " ind2=" ">
    <subfield code="a">Columna vertebral</subfield>
  </datafield>
  <datafield tag="653" ind1=" " ind2=" ">
    <subfield code="a">Estern&#xF3;n y costillas, t&#xF3;rax</subfield>
  </datafield>
  <datafield tag="653" ind1=" " ind2=" ">
    <subfield code="a">Cabeza &#xF3;sea</subfield>
  </datafield>
  <datafield tag="653" ind1=" " ind2=" ">
    <subfield code="a">Miembros</subfield>
  </datafield>
  <datafield tag="653" ind1=" " ind2=" ">
    <subfield code="a">Artrolog&#xED;a</subfield>
  </datafield>
  <datafield tag="653" ind1=" " ind2=" ">
    <subfield code="a">Anatom&#xED;a general</subfield>
  </datafield>
  <datafield tag="653" ind1=" " ind2=" ">
    <subfield code="a">Articulaciones de la columna vertebral</subfield>
  </datafield>
  <datafield tag="653" ind1=" " ind2=" ">
    <subfield code="a">Articulaciones de la cabeza</subfield>
  </datafield>
  <datafield tag="653" ind1=" " ind2=" ">
    <subfield code="a">Articulaciones del t&#xF3;rax</subfield>
  </datafield>
  <datafield tag="653" ind1=" " ind2=" ">
    <subfield code="a">Articulaciones de los miembros</subfield>
  </datafield>
  <datafield tag="653" ind1=" " ind2=" ">
    <subfield code="a">Miolog&#xED;a</subfield>
  </datafield>
  <datafield tag="653" ind1=" " ind2=" ">
    <subfield code="a">Anatom&#xED;a general</subfield>
  </datafield>
  <datafield tag="653" ind1=" " ind2=" ">
    <subfield code="a">M&#xFA;sculos de la cabeza</subfield>
  </datafield>
  <datafield tag="653" ind1=" " ind2=" ">
    <subfield code="a">M&#xFA;sculos del cuello</subfield>
  </datafield>
  <datafield tag="653" ind1=" " ind2=" ">
    <subfield code="a">M&#xFA;sculos de la regi&#xF3;n posterior del tronco y del cuello</subfield>
  </datafield>
  <datafield tag="653" ind1=" " ind2=" ">
    <subfield code="a">M&#xFA;sculos del t&#xF3;rax</subfield>
  </datafield>
  <datafield tag="653" ind1=" " ind2=" ">
    <subfield code="a">M&#xFA;sculos del abdomen</subfield>
  </datafield>
  <datafield tag="653" ind1=" " ind2=" ">
    <subfield code="a">M&#xFA;sculos del miembro superior</subfield>
  </datafield>
  <datafield tag="653" ind1=" " ind2=" ">
    <subfield code="a">M&#xFA;sculos del miembro inferior</subfield>
  </datafield>
  <datafield tag="700" ind1="1" ind2=" ">
    <subfield code="a">Latarjet, A.</subfield>
    <subfield code="9">146</subfield>
  </datafield>
  <datafield tag="942" ind1=" " ind2=" ">
    <subfield code="2">ddc</subfield>
    <subfield code="c">BK</subfield>
  </datafield>
  <datafield tag="999" ind1=" " ind2=" ">
    <subfield code="c">2420</subfield>
    <subfield code="d">2420</subfield>
  </datafield>
  <datafield tag="952" ind1=" " ind2=" ">
    <subfield code="0">0</subfield>
    <subfield code="1">0</subfield>
    <subfield code="2">ddc</subfield>
    <subfield code="4">0</subfield>
    <subfield code="7">0</subfield>
    <subfield code="a">BFM</subfield>
    <subfield code="b">BFM</subfield>
    <subfield code="c">CR</subfield>
    <subfield code="d">2017-06-16</subfield>
    <subfield code="e">Donacion H&#xE9;ctor Defilpo, Junio 2017.</subfield>
    <subfield code="l">0</subfield>
    <subfield code="o">611 82 TES</subfield>
    <subfield code="p">3874</subfield>
    <subfield code="r">2017-06-16</subfield>
    <subfield code="t">Ej.1</subfield>
    <subfield code="w">2017-06-16</subfield>
    <subfield code="y">BK</subfield>
    <subfield code="z">Donacion H&#xE9;ctor Defilpo, Junio 2017. Hemeroteca 2022</subfield>
    <subfield code="f"></subfield>
  </datafield>
  <datafield tag="952" ind1=" " ind2=" ">
    <subfield code="0">0</subfield>
    <subfield code="1">0</subfield>
    <subfield code="2">ddc</subfield>
    <subfield code="4">0</subfield>
    <subfield code="7">0</subfield>
    <subfield code="a">BFM</subfield>
    <subfield code="b">BFM</subfield>
    <subfield code="c">CR</subfield>
    <subfield code="d">2018-05-04</subfield>
    <subfield code="e">Donaci&#xF3;n Dr. Gallardo, Andr&#xE9;s. Mayo 2018</subfield>
    <subfield code="l">0</subfield>
    <subfield code="o">611 82 TES</subfield>
    <subfield code="p">4226</subfield>
    <subfield code="r">2018-05-04</subfield>
    <subfield code="t">Ej. 2</subfield>
    <subfield code="w">2018-05-04</subfield>
    <subfield code="y">BK</subfield>
    <subfield code="z">Donaci&#xF3;n Dr. Gallardo, Andr&#xE9;s. Mayo 2018. Hemeroteca 2022</subfield>
    <subfield code="f"></subfield>
  </datafield>
  <datafield tag="952" ind1=" " ind2=" ">
    <subfield code="0">0</subfield>
    <subfield code="1">0</subfield>
    <subfield code="2">ddc</subfield>
    <subfield code="4">0</subfield>
    <subfield code="7">0</subfield>
    <subfield code="a">BFM</subfield>
    <subfield code="b">BFM</subfield>
    <subfield code="c">CR</subfield>
    <subfield code="d">2022-08-29</subfield>
    <subfield code="e">Donaci&#xF3;n de Leonardo Orellana Kittsteiner, agosto 2022</subfield>
    <subfield code="l">2</subfield>
    <subfield code="o"> 611 82 TES</subfield>
    <subfield code="p">4782</subfield>
    <subfield code="r">2025-03-05</subfield>
    <subfield code="s">2025-02-27</subfield>
    <subfield code="t">Ej.3</subfield>
    <subfield code="w">2022-08-29</subfield>
    <subfield code="y">BK</subfield>
    <subfield code="z">Donaci&#xF3;n de Leonardo Orellana Kittsteiner, agosto 2022.</subfield>
    <subfield code="f"></subfield>
  </datafield>
</record>
